Teg la revancha [juego] /

Guardado en:
Formato: Objeto Físico
Publicado: Argentina : New Yetem, [199?]
Materias:
Etiquetas: Agregar Etiqueta
Sin Etiquetas, Sea el primero en etiquetar este registro!
LEADER 00945nrm a22001815g 4500
001 CEM.cems019310
008 130507b199?##################0###0#####d
005 20231113083440.0
245 0 0 |a Teg la revancha [juego] /  |c Yetem 
260 |a Argentina :  |b New Yetem,  |c [199?] 
300 |a 1 juego (1 tablero, 8 dados, 40 fichas misiles, 72 cartas países, 60 fichas de 6 colores, 7 cartas continentes, 20 tarjetas objetivos secretos, 50 tarjetas de situación, 1 tarjeta de mano, planillas de pactos) ; en caja 30 x 43 x 4 cm. + manual de instrucciones. 
500 |a Para 2 a 7 jugadores a partir de 12 años objetivo: cumplir la misión antes que los demás. 
082 0 4 |a J793.92 
653 |a 1. juegos de guerra 
653 |a 2. juegos de estrategia de guerra 
859 |a CEMS  |b BIB. CEMS - Ludoteca  |h J793.92  |i Y48  |p 124.97  |t Ej.1 
859 |a CEMS  |b BIB. CEMS - Ludoteca  |h J793.92  |i Y48  |p 308.04  |t Ej.2 
859 |a CEMS  |b BIB. CEMS - Ludoteca  |h J793.92  |i Y48  |p 505.23  |t Ej.3